Beyond Words : A Guide to Drawing Out Ideas /

Gorde:
Xehetasun bibliografikoak
Egile nagusia: Sonneman, Milly R. (autor)
Formatua: Liburua
Hizkuntza:ingelesa
Argitaratua: Berkeley, EUA : Ten Speed, 1997, c1997
Gaiak:
Etiketak: Etiketa erantsi
Etiketarik gabe, Izan zaitez lehena erregistro honi etiketa jartzen!

MARC

LEADER 00000nam^a2200000^a^4500
001 000187024
005 20250521000000.0
009 20260310102247.455
020 |a 0-89815-911-3 
037 |a Acervo ITESO - Biblioteca 
041 |a ING 
082 |a 658. 456  |b SON 
100 |a Sonneman, Milly R.  |e (autor) 
245 1 0 |a Beyond Words :  |b A Guide to Drawing Out Ideas /  |c M.R. Sonneman ; pról. de Ronald E. Galbraith. 
264 4 |a Berkeley, EUA :  |b Ten Speed,  |c 1997, c1997 
300 |a XVII, 158 p. 
336 |a texto  |b txt  |2 rdacontenido 
337 |a sin mediación  |b n  |2 rdamedio 
338 |a volumen  |b nc  |2 rdasoporte 
649 |a XX 
650 |a Conducción de Juntas 
650 |a Diseño Gráfico 
650 |a Comunicación Organizacional 
650 |a Comunicación Visual 
650 |a Ciencias Administrativas 
910 |a Fondo General 
920 |a Impresos - Libros 
930 |a Colección General 
905 |a 101 
901 |a 0500129011  |b IT1  |c ACC  |u 20250521 
902 |a https://opac.biblio.iteso.mx/vufind/Record/000187024